| 000 | 00469nam a2200169Ia 4500 | ||
|---|---|---|---|
| 005 | 20240627034517.0 | ||
| 008 | 240331s9999 xx 000 0 und d | ||
| 020 | _a9789380946153 | ||
| 082 |
_bEPI _a121 |
||
| 245 | 0 |
_aBIAS : _bEpistemological Bias in the Physical and Social Sciences |
|
| 260 |
_aNew Delhi _bAl Ittehad Publications Pvt. Ltd |
||
| 300 | _a308 p ., | ||
| 650 | _aPhysical | ||
| 650 | _aSocial Sciences | ||
| 700 |
_aElmessiri,M.A. _eedt |
||
| 942 | _cL | ||
| 999 |
_c5729 _d5729 |
||